000 00469nam a2200193Ia 4500
005 20240823020941.0
008 240823s9999||||xx |||||||||||||| ||und||
020 _a0-0919-0641-5
041 _aENGLISH
082 _A152.46 N8
100 _a"Carnegie,Dale"
245 0 _aHow to Stop Worrying and Start Living
250 _a1st
260 _c2004
_b"Vermilion,L"
_aLondon SWIV 2SA
500 _aYES
650 _aLiving
_bGeneral
942 _cBK
999 _c175941
_d175941